Экономика предприятия: Конспект лекций в схемах

التفاصيل البيبلوغرافية
مؤلفون آخرون: Молотов С. (составитель), Оганесян А. (редактор), Водопьянов В. П.
اللغة:الروسية
منشور في: Москва, Приор-издат, 2003
سلاسل:В помощь студенту
الموضوعات:
التنسيق: كتاب
KOHA link:https://koha.lib.tpu.ru/cgi-bin/koha/opac-detail.pl?biblionumber=50832

MARC

LEADER 00000nam0a2200000 4500
001 50832
005 20231101211254.0
010 |a 5949090977 
035 |a (RuTPU)RU\TPU\book\53220 
090 |a 50832 
100 |a 20030421d2003 m y0rusy50 ca 
101 0 |a rus 
102 |a RU 
105 |a a j 000zy 
200 1 |a Экономика предприятия  |e Конспект лекций в схемах  |f сост. С. Молотов, А. Оганесян; Под ред. В. П. Водопьянова 
210 |a Москва  |c Приор-издат  |d 2003 
215 |a 112 с.  |c ил. 
225 1 |a В помощь студенту 
606 1 |a Предприятия  |x Экономика  |2 stltpush  |3 (RuTPU)RU\TPU\subj\36689  |9 57982 
610 1 |a экономика 
610 1 |a предприятия 
610 1 |a схемы 
610 1 |a предпринимательская деятельность 
610 1 |a виды 
610 1 |a прибыль 
610 1 |a убытки 
610 1 |a полные товарищества 
610 1 |a товарищества 
610 1 |a общество с ограниченной отвественностью 
610 1 |a акционерные общества 
610 1 |a производственные кооперативы 
610 1 |a унитарные предприятия 
610 1 |a некоммерческие организации 
610 1 |a производство 
610 1 |a специализация 
610 1 |a кооперирование 
610 1 |a комбинирование 
610 1 |a капитал 
610 1 |a основные средства 
610 1 |a амортизация 
610 1 |a оборотный капитал 
610 1 |a рыночная экономика 
610 1 |a товар 
610 1 |a доходность 
610 1 |a прибыль 
610 1 |a оплата труда 
610 1 |a затраты 
610 1 |a научно-технический прогресс 
610 1 |a планирование 
610 1 |a банкротство 
610 1 |a учебные пособия 
686 |a У9(2)29я73  |v LBC/SL-A  |2 rubbk 
702 1 |a Молотов  |b С.  |4 220 
702 1 |a Оганесян  |b А.  |4 220 
702 1 |a Водопьянов  |b В. П.  |4 340 
801 1 |a RU  |b 63413507  |c 20030421  |g PSBO 
801 2 |a RU  |b 63413507  |c 20230626  |g PSBO 
942 |c BK